00541nam a2200169Ia 4500008004100000020001200041040001500053041001200068082001600080100001900096245003900115260003000154300001500184942000700199952014800206999001700354230917s9999||||xx |||||||||||||| ||und|| cPOU29.5 e2959aMAIN aEnglish a363.2 B758P aBrewer, John D 0aPolice, public order and the state aNew YorkbSt Martinc1988 axi, 245 p. cBK 0010406363_200000000000000_B758P709128967aMAINbMAINd2002-08-08g29.50l0o363.2 B758Pp163017r2023-09-17 21:00:52w2023-09-17yBKg29.5 c84780d84780